Projecte de pla general de vies de comunicació / Mancomunitat de Catalunya
Descripción Física:
69 p. ; 22 cm
Materias:
Carreteres -- Catalunya
MARC
| LEADER | 00000nam a2200000Ia 4500 | ||
|---|---|---|---|
| 001 | 483 | ||
| 008 | 160829s1919 xx 000 0 cat d | ||
| 080 | |a M-3-362 | ||
| 245 | |a Projecte de pla general de vies de comunicació / Mancomunitat de Catalunya | ||
| 260 | |a Barcelona : |b la Mancomunitat, |c 1919 | ||
| 300 | |a 69 p. ; |c 22 cm | ||
| 590 | |a Hi ha un duplicat a: DUP-224 | ||
| 650 | |a Carreteres |x Catalunya |9 20448 | ||
| 710 | 2 | |a Catalunya. |b Mancomunitat |9 53015 | |
| 856 | 4 | |u https://media.diba.cat/diba/fitxers/arxiu/mancomunitat/bib_483_1919_baixa.pdf |y Accés lliure | |
| 901 | |a Arxiu | ||
| 942 | |n 1 |2 udc | ||
| 952 | |0 0 |1 0 |4 0 |6 M3362 |7 1 |9 45627 |a Arxiu |b Arxiu |d 2016-12-01 |l 0 |o M-3-362 |p 483 |r 2016-12-01 00:00:00 |w 2016-12-01 |y ARXIU | ||
| 999 | |c 49126 |d 49126 | ||
| 900 | |a bib_483_1919_baixa.pdf | ||